ნორმალური ფორმატი
MARC ფორმატი
ჩანაწერი Corporate Name
ჩანაწერთა რაოდენობა, რომელიც გამოყენებულია: 1
001 - CONTROL NUMBER
- control field: 20255
003 - CONTROL NUMBER IDENTIFIER
- control field: GE_BSU
005 - DATE AND TIME OF LATEST TRANSACTION
- control field: 20231027123613.0
008 - FIXED-LENGTH DATA ELEMENTS
- fixed length control field: 231027|| aca||aabn | a|a d
040 ## - CATALOGING SOURCE
- Original cataloging agency: GE_BSU
- Transcribing agency: GE_BSU
110 ## - HEADING--CORPORATE NAME
- Corporate name or jurisdiction name as entry element: ბსუ. აგრარული და მემბრანული ტექნოლოგიების ინსტიტუტი.
- Subordinate unit: კვების პროდუქტების წარმოებისა და გადამუშავების ტექნოლოგიების განყოფილება.
670 ## - SOURCE DATA FOUND
- Source citation: Work cat.: (GE_BSU): მიქელაზე, ზურაბ 20253, ხილ ბოსტნეულის გადამუშავების პროდუქტების ანოტაციები /
